000
00301nam a22001337a 4500
008
181030b xxu||||| |||| 00| 0 eng d
020
_a
0131665871
041
_a
eng
080
_a
610.73
100
_a
2
101
_a
INF
245
_a
Concepts of Oncology Nursing
_c
Vredevore, D.L
942
_2
udc
_c
BK
999
_c
51117
_d
51117